It looks like you're offline.
Open Library logo
additional options menu

MARC Record from Library of Congress

Record ID marc_loc_2016/BooksAll.2016.part35.utf8:30749660:978
Source Library of Congress
Download Link /show-records/marc_loc_2016/BooksAll.2016.part35.utf8:30749660:978?format=raw

LEADER: 00978cam a22002774a 4500
001 2007466621
003 DLC
005 20071218090256.0
008 071016s2007 ru b 001 0 ruso
010 $a 2007466621
020 $a9785317020613
040 $aDLC$cDLC
043 $ae-ru---
050 00 $aPG3190$b.F384 2007
100 1 $aFateev, A. V.
245 10 $aStalinizm i detskai︠a︡ literatura v politike nomenklatury SSSR, 1930-e-1950-e gg. /$cA.V. Fateev.
260 $aMoskva :$bMaks Press,$c2007.
300 $a348 p. ;$c21 cm.
500 $aLC copy signed by author.$5DLC
504 $aIncludes bibliographical references and indexes.
650 0 $aChildren's literature, Russian$xHistory and criticism.
650 0 $aRussian literature$y20th century$xPolitical aspects.
650 0 $aRussian literature$y20th century$xSocial aspects.
650 0 $aCommunism and literature.
650 0 $aIdeology and literature.
650 0 $aPropaganda, Soviet$xHistory$y20th century.